000 00215 a2200097 4500
020 _a9789390742172
100 _aKoral Dasgupta
245 _aKunti: the Sati series II
260 _bPan Macmillan
_c2021
942 _cOO
999 _c116065
_d116064